Handbook for sound engineers : (Record no. 60848)

000 -LEADER
fixed length control field 01119cam a2200301 a 4500
001 - CONTROL NUMBER
control field 4279837
003 - CONTROL NUMBER IDENTIFIER
control field NUST-PNEC
005 - DATE AND TIME OF LATEST TRANSACTION
control field 20170116180708.0
008 - FIXED-LENGTH DATA ELEMENTS--GENERAL INFORMATION
fixed length control field 850318s1987 inua b 001 0 eng
010 ## - LIBRARY OF CONGRESS CONTROL NUMBER
LC control number 85050023
020 ## - INTERNATIONAL STANDARD BOOK NUMBER
International Standard Book Number 0672219832
040 ## - CATALOGING SOURCE
Original cataloging agency DLC
Transcribing agency DLC
Modifying agency DLC
050 00 - LIBRARY OF CONGRESS CALL NUMBER
Classification number TK7881.4
Item number .H36 1987
082 00 - DEWEY DECIMAL CLASSIFICATION NUMBER
Classification number 620.2020 BAL
100 ## - MAIN ENTRY--PERSONAL NAME
9 (RLIN) 458
Personal name Ballou Glen
245 00 - TITLE STATEMENT
Title Handbook for sound engineers :
Remainder of title the new audio cyclopedia /
Statement of responsibility, etc. Glen Ballou, editor.
250 ## - EDITION STATEMENT
Edition statement 1st ed.
260 ## - PUBLICATION, DISTRIBUTION, ETC.
Place of publication, distribution, etc. Indianapolis, Ind. :
Name of publisher, distributor, etc. H.W. Sams,
Date of publication, distribution, etc. c1987.
300 ## - PHYSICAL DESCRIPTION
Extent xv, 1247 p. :
Other physical details ill. ;
Dimensions 26 cm.
500 ## - GENERAL NOTE
General note http://www.amazon.com/Handbook-Sound-Engineers-Audio-Cyclopedia/dp/0672219832/ref=sr_1_1?s=books&ie=UTF8&qid=1412149157&sr=1-1&keywords=0672219832
504 ## - BIBLIOGRAPHY, ETC. NOTE
Bibliography, etc. note Includes bibliographies and index.
650 #0 - SUBJECT ADDED ENTRY--TOPICAL TERM
Topical term or geographic name entry element Sound
General subdivision Recording and reproducing
-- Handbooks, manuals, etc.
650 #0 - SUBJECT ADDED ENTRY--TOPICAL TERM
Topical term or geographic name entry element Sound
General subdivision Recording and reproducing
-- Equipment and supplies
-- Handbooks, manuals, etc.
700 1# - ADDED ENTRY--PERSONAL NAME
Personal name Ballou, Glen.
710 2# - ADDED ENTRY--CORPORATE NAME
Corporate name or jurisdiction name as entry element Howard W. Sams & Co.
906 ## - LOCAL DATA ELEMENT F, LDF (RLIN)
a 7
b cbc
c orignew
d 2
e ocip
f 19
g y-gencatlg
942 ## - ADDED ENTRY ELEMENTS (KOHA)
Source of classification or shelving scheme
Koha item type Book
Holdings
Withdrawn status Lost status Source of classification or shelving scheme Damaged status Not for loan Permanent Location Current Location Shelving location Date acquired Source of acquisition Cost, normal purchase price Total Checkouts Full call number Barcode Date last seen Cost, replacement price Price effective from Koha item type
          Pakistan Navy Engineering College (PNEC) Pakistan Navy Engineering College (PNEC) Reference   Progressive International Agency 330.00   620.2020 BAL PNECLIB-012280 10/01/2014 330.00   Book
© 2023 Central Library, National University of Sciences and Technology. All Rights Reserved.